Piggy Chapter 3 Gallery Quiz - Statistics

General Stats
  • This quiz has been taken 60 times
  • The average score is 10 of 15
Answer Stats
Hint Answer % Correct
Friendly NPC Doggy
100%
Bot Father
100%
What to give to question above Bone
93%
What color was the car Red
89%
The female pig who surrounded the car Mother
86%
The Forest bot who surrounded the car Sheepy
86%
A skin that came out and bot of chapter 5 Teacher
80%
Where is the above answer Yellow
73%
They dont use gears but Eggs
66%
And the other one Purple
64%
What is mostly first used Red Key
55%
The other skin that came out Foxy
52%
What is in the question above room Blue Key
48%
Where should you put the 6 qa Green Room
30%
Why did you and 2nd qa go in the gallery Surrounded
25%
No matching quizzes found
Score Distribution
Percent of People with Each Score
Percentile by Number Answered
Your Score History
You have not taken this quiz